[Event "Naturns-Kaltern/Tramin"]
[Site "?"]
[Date "2017.11.18"]
[Round "2.5"]
[White "Thaler, Elmar"]
[Black "Gurschler, Gregor"]
[Result "0-1"]
[WhiteElo "1736"]
[BlackElo "1796"]
[PlyCount "89"]
[EventDate "2017.11.18"]

1. d4 d6 2. c4 e5 3. Nf3 e4 4. Ng5 f5 5. Nc3 Be7 6. Nh3 c6 7. e3 Nf6 8. Nf4 O-O
9. Be2 Na6 10. a3 Nc7 11. b4 d5 12. cxd5 cxd5 13. Bd2 Ne6 14. Nxe6 Bxe6 15. O-O
Rc8 16. Qb3 Bd6 17. Rac1 Qe7 18. Rc2 g5 19. Rfc1 Qf7 20. Nb5 Bb8 21. Rxc8 Bxc8
22. f4 gxf4 23. exf4 Kh8 24. Qh3 Be6 25. Qc3 a6 26. Qc5 axb5 27. Qxb5 Rc8 28.
Rxc8+ Bxc8 29. Qb6 Kg7 30. a4 Qc7 31. Qc5 b6 32. Qxc7+ Bxc7 33. a5 bxa5 34.
bxa5 Bb7 35. Bb4 Nd7 36. a6 Ba8 37. Bb5 Nb8 38. Kf2 Bxf4 39. g3 Bc7 40. Ke3 Nc6
41. Bc3 Kf6 42. Ba4 Bb6 43. Kf4 Na5 44. Bd7 Nc4 45. Bc8 0-1

[Event "Naturns-Kaltern/Tramin"]
[Site "?"]
[Date "2017.11.18"]
[Round "2.6"]
[White "Naegele, Raimund"]
[Black "Comai, Samuele"]
[Result "0-1"]
[WhiteElo "1658"]
[BlackElo "1812"]
[PlyCount "62"]
[EventDate "2017.11.18"]

1. Nf3 Nf6 2. g3 g6 3. Bg2 Bg7 4. O-O O-O 5. d3 d5 6. Re1 c5 7. Nbd2 Nc6 8. e4
d4 9. Qe2 e5 10. Nc4 Bg4 11. h3 Bxf3 12. Bxf3 b5 13. Nd2 Qc8 14. Bg2 Nb4 15.
Qd1 c4 16. a3 Qa6 17. Rb1 Na2 18. Nf3 Nxc1 19. Rxc1 Nd7 20. Ra1 Nc5 21. b3 cxd3
22. cxd3 Qe6 23. b4 Na4 24. Nd2 Bh6 25. Nb3 Rfc8 26. Nc1 Rc7 27. Ne2 Rac8 28.
Rf1 Nb2 29. Qb1 Rc2 30. Ra2 Qb3 31. Re1 Rxe2 0-1

[Event "Richter/Lask-Steinegg"]
[Site "?"]
[Date "2017.11.18"]
[Round "2.1"]
[White "Mukic, Josko"]
[Black "De Eccher, Stefano"]
[Result "1/2-1/2"]
[WhiteElo "2249"]
[BlackElo "2195"]
[PlyCount "94"]
[EventDate "2017.11.18"]

1. Nf3 d5 2. g3 Nf6 3. Bg2 Bf5 4. d3 e6 5. Nbd2 Be7 6. O-O O-O 7. b3 a5 8. a3
h6 9. Bb2 c6 10. e3 Bh7 11. Qe2 Na6 12. e4 Qb6 13. Rab1 Rfd8 14. Ne5 Nc5 15.
Kh1 Ncd7 16. Nxd7 Nxd7 17. f4 Re8 18. g4 Rad8 19. Qf3 Bf6 20. e5 Be7 21. Qg3
Qc7 22. Rbe1 f6 23. exf6 Bxf6 24. Bxf6 Nxf6 25. Nf3 d4 26. Ne5 Nd5 27. Bxd5
cxd5 28. Re2 Qe7 29. a4 Rf8 30. h4 g5 31. hxg5 hxg5 32. Ref2 gxf4 33. Rxf4 Qg5
34. Rxf8+ Rxf8 35. Rxf8+ Kxf8 36. Qf3+ Ke7 37. Qe2 Qf4 38. Nf3 Qxg4 39. Qf2 Qf4
40. Kg2 Kd6 41. Qxd4 Qxd4 42. Nxd4 e5 43. Ne2 Kc5 44. Kf2 Bg6 45. Ke3 Kb4 46.
Kd2 d4 47. Ng1 Kc5 1/2-1/2

[Event "Richter/Lask-Steinegg"]
[Site "?"]
[Date "2017.11.18"]
[Round "2.2"]
[White "Moncher, Stefano"]
[Black "Engl, Stefan"]
[Result "1-0"]
[WhiteElo "2182"]
[BlackElo "1992"]
[PlyCount "53"]
[EventDate "2017.11.18"]

1. e4 e6 2. d4 d5 3. Nc3 Bb4 4. a3 Bxc3+ 5. bxc3 dxe4 6. Qg4 Nf6 7. Qxg7 Rg8 8.
Qh6 Rg6 9. Qe3 Nc6 10. Ne2 Ne7 11. Ng3 Ned5 12. Qd2 Bd7 13. c4 Ne7 14. Qc3 c5
15. Be3 Qc7 16. Be2 O-O-O 17. O-O-O Bc6 18. dxc5 Ng4 19. Rxd8+ Qxd8 20. Rd1 Qc7
21. Bd4 Qf4+ 22. Kb2 e5 23. Be3 Nxe3 24. fxe3 Qf6 25. Qa5 Kb8 26. Bh5 Rg8 27.
Rd8+ 1-0

[Event "Richter/Lask-Steinegg"]
[Site "?"]
[Date "2017.11.18"]
[Round "2.3"]
[White "Pichler, Martin"]
[Black "Voltolini, Giuseppe"]
[Result "0-1"]
[WhiteElo "1696"]
[BlackElo "2135"]
[PlyCount "70"]
[EventDate "2017.11.18"]

1. e4 c5 2. Nf3 d6 3. Bb5+ Bd7 4. Bxd7+ Qxd7 5. O-O Nc6 6. c3 Nf6 7. Re1 e6 8.
d4 cxd4 9. cxd4 d5 10. e5 Ne4 11. Nbd2 Nxd2 12. Bxd2 Be7 13. a3 O-O 14. Rc1
Rfc8 15. b4 a6 16. Qe2 Na7 17. Bc3 Qa4 18. Bb2 Qb3 19. Rxc8+ Rxc8 20. Rc1 Rxc1+
21. Bxc1 Nb5 22. h4 Nxa3 23. Bxa3 Qxa3 24. Qc2 Qxb4 25. Qc8+ Bf8 26. g4 a5 27.
h5 h6 28. Qd8 a4 29. g5 Qe7 30. Qa5 hxg5 31. Qxa4 g4 32. Ne1 Qg5 33. Ng2 Qxh5
34. Qb5 g3 35. fxg3 Qd1+ 0-1

[Event "Richter/Lask-Steinegg"]
[Site "?"]
[Date "2017.11.18"]
[Round "2.4"]
[White "Bevilacqua, Maurizio"]
[Black "Engl, Alexander"]
[Result "1-0"]
[WhiteElo "2043"]
[BlackElo "1812"]
[PlyCount "63"]
[EventDate "2017.11.18"]

1. c4 e6 2. Nf3 f5 3. g3 Nf6 4. Bg2 d5 5. O-O Be7 6. b3 O-O 7. Bb2 c6 8. d3 Qe8
9. Nbd2 Qh5 10. e3 a5 11. a3 Na6 12. d4 g5 13. Ne5 Qh6 14. Qe2 Bd7 15. Nxd7
Nxd7 16. f3 Rae8 17. Bc3 Bd8 18. b4 e5 19. cxd5 axb4 20. axb4 exd4 21. Bxd4 f4
22. dxc6 Qxc6 23. b5 Qd5 24. Ne4 Nac5 25. Rfd1 Nb3 26. Bb2 Qe6 27. Rd6 Qf7 28.
Rad1 Nbc5 29. gxf4 Bc7 30. Rxd7 Nxd7 31. Nxg5 Qb3 32. Rxd7 1-0

[Event "Richter/Lask-Steinegg"]
[Site "?"]
[Date "2017.11.18"]
[Round "2.5"]
[White "Lantschner, Carmen"]
[Black "De Vita, Gianni"]
[Result "0-1"]
[WhiteElo "1624"]
[BlackElo "1983"]
[PlyCount "38"]
[EventDate "2017.11.18"]

1. e4 c5 2. d4 cxd4 3. Nf3 e5 4. Nxe5 Qa5+ 5. Nd2 Qxe5 6. Bc4 Nf6 7. O-O Nc6 8.
f4 Qc5 9. Kh1 Be7 10. Qe2 d6 11. Nb3 Qh5 12. Qd3 O-O 13. Nxd4 Nxd4 14. Qxd4 Be6
15. Bxe6 fxe6 16. Qc4 d5 17. Qc7 Qe2 18. Rg1 Nxe4 19. h3 Bh4 0-1

[Event "Richter/Lask-Steinegg"]
[Site "?"]
[Date "2017.11.18"]
[Round "2.6"]
[White "Billio, Atto"]
[Black "Schroffenegger, Simon"]
[Result "1-0"]
[WhiteElo "1998"]
[BlackElo "1406"]
[PlyCount "135"]
[EventDate "2017.11.18"]

1. c4 e5 2. g3 f5 3. Bg2 Nf6 4. Nf3 Nc6 5. d3 Bc5 6. O-O O-O 7. Nc3 a6 8. Nd5
Nxd5 9. cxd5 Nd4 10. Nd2 f4 11. Ne4 Bb6 12. d6 Nb5 13. dxc7 Nxc7 14. Nd6 fxg3
15. hxg3 Rb8 16. Nxc8 Rxc8 17. Bxb7 Rb8 18. Bg2 Qf6 19. e3 Kh8 20. b3 d6 21.
Bb2 Ne6 22. Rc1 Qh6 23. Rc4 Ng5 24. Rh4 Qf6 25. Qe2 Nf3+ 26. Bxf3 Qxf3 27. Qxf3
Rxf3 28. d4 Rbf8 29. Re4 exd4 30. Bxd4 Bxd4 31. Rxd4 R3f6 32. f4 h5 33. Kf2 g5
34. Rd5 gxf4 35. Rxh5+ Kg7 36. gxf4 Rc8 37. Rg1+ Kf7 38. Ra5 Rc6 39. Kf3 Rh6
40. Rg2 Rh3+ 41. Rg3 Rh2 42. Ke4 Kf6 43. Rf5+ Ke6 44. Rfg5 Rb6 45. Rg7 Rb4+ 46.
Kf3 Rxa2 47. R3g6+ Kd5 48. Rd7 Rb6 49. e4+ Kc5 50. b4+ Rxb4 51. Rgxd6 Ra3+ 52.
Rd3 Raa4 53. Rc3+ Kb6 54. Re7 a5 55. f5 Ra1 56. Kf4 a4 57. f6 Rf1+ 58. Rf3 Rbb1
59. f7 a3 60. Re6+ Kb5 61. Re5+ Kb6 62. Rf5 Rxf3+ 63. Kxf3 Rf1+ 64. Kg4 Rg1+
65. Kh5 a2 66. f8=Q a1=Q 67. Qd6+ Ka7 68. Rf7+ 1-0

[Event "Richter/Lask2-Arci2"]
[Site "?"]
[Date "2017.11.18"]
[Round "2.2"]
[White "Venturini, Sergio"]
[Black "Bonell, Martin"]
[Result "0-1"]
[WhiteElo "1463"]
[BlackElo "1599"]
[PlyCount "52"]
[EventDate "2017.11.18"]

1. d4 c6 2. e4 d5 3. exd5 cxd5 4. Nf3 Nf6 5. Be2 e6 6. Nc3 Bd7 7. Ne5 Nc6 8.
Nxd7 Nxd7 9. O-O Bd6 10. Nb5 Bb8 11. Be3 a6 12. Nc3 O-O 13. Qd2 Ba7 14. a3 Rc8
15. b4 Qf6 16. b5 Nxd4 17. bxa6 Nxe2+ 18. Nxe2 Bxe3 19. fxe3 Qg6 20. Nd4 bxa6
21. Rab1 Nc5 22. Rb6 Rb8 23. Rfb1 Rxb6 24. Rxb6 Qf6 25. Rc6 Rb8 26. Qf2 Rb1+
0-1

[Event "Arci-Richter/Lask2"]
[Site "?"]
[Date "2017.12.02"]
[Round "3.4"]
[White "Moser, Gabriele"]
[Black "Kofler, Franz"]
[Result "1-0"]
[WhiteElo "1885"]
[BlackElo "1404"]
[PlyCount "65"]
[EventDate "2017.12.02"]

1. e4 e5 2. Nf3 d6 3. h3 Nf6 4. Nc3 Be6 5. Ng5 Bd7 6. Bc4 d5 7. exd5 h6 8. Nf3
Bd6 9. O-O O-O 10. d3 a6 11. Ne4 b5 12. Bb3 a5 13. a3 Nxe4 14. dxe4 Na6 15. Be3
f5 16. exf5 Rxf5 17. Nd2 Qh4 18. Qg4 Qxg4 19. hxg4 Rf7 20. f3 Raf8 21. Ne4 Kh7
22. c4 bxc4 23. Bxc4 Nb8 24. Bc5 Bxc5+ 25. Nxc5 Rf4 26. Bd3+ Kh8 27. Be4 Bb5
28. Rfc1 c6 29. Ne6 cxd5 30. Nxf4 Rxf4 31. Bxd5 Nd7 32. Be4 Nf6 33. Bf5 1-0

[Event "Deutschnofen-Richter/Lask"]
[Site "?"]
[Date "2017.12.02"]
[Round "3.1"]
[White "De Eccher, Stefano"]
[Black "Manca, Federico"]
[Result "1/2-1/2"]
[WhiteElo "2195"]
[BlackElo "2411"]
[PlyCount "39"]
[EventDate "2017.12.02"]

1. d4 Nf6 2. Bf4 e6 3. Nf3 b6 4. e3 Bb7 5. Nbd2 Be7 6. h3 O-O 7. Bd3 c5 8. c3
cxd4 9. exd4 Ba6 10. Bxa6 Nxa6 11. O-O Qc8 12. Re1 Qb7 13. Qe2 d6 14. Nc4 Rfd8
15. a4 Rac8 16. Ne3 Nb8 17. Bg5 Nbd7 18. Rad1 d5 19. Ng4 Re8 20. Nge5 1/2-1/2

[Event "Deutschnofen-Richter/Lask"]
[Site "?"]
[Date "2017.12.02"]
[Round "3.2"]
[White "Dappiano, Andrea"]
[Black "Moncher, Stefano"]
[Result "1-0"]
[WhiteElo "2258"]
[BlackElo "2182"]
[PlyCount "157"]
[EventDate "2017.12.02"]

1. e4 e6 2. d3 d5 3. Qe2 Be7 4. Nf3 Nf6 5. e5 Nfd7 6. g3 c5 7. Bg2 Nc6 8. O-O
b5 9. c3 a5 10. h4 Ba6 11. Bf4 h6 12. h5 Qb6 13. Nbd2 c4 14. d4 b4 15. Qe3 a4
16. Rfb1 b3 17. a3 O-O-O 18. g4 Rdg8 19. Nf1 Nd8 20. Ng3 Bb5 21. Re1 Nf8 22.
Ne2 Be8 23. Bg3 Nc6 24. Bh4 Qd8 25. Bxe7 Qxe7 26. Nf4 Nd8 27. Nd2 Bc6 28. Qe2
Qc7 29. Qe3 Nd7 30. Nf1 Nb6 31. Ng3 Qe7 32. Bf3 Qg5 33. Ng2 Qe7 34. Be2 Be8 35.
f4 g6 36. hxg6 fxg6 37. Kf2 Bd7 38. Rh1 Rf8 39. Ke1 Kc7 40. Kd2 Nc8 41. Raf1
Qh7 42. Kd1 Ne7 43. Qc1 Qg7 44. Rh2 Ndc6 45. Ne3 Nd8 46. Kd2 Ndc6 47. Rff2 Nd8
48. Qh1 Ndc6 49. Rh3 Rh7 50. Rfh2 Rxf4 51. Rxh6 Rxh6 52. Rxh6 Rf2 53. Rh7 Qf8
54. Qh6 Qxh6 55. Rxh6 Nd8 56. Ke1 Rf8 57. Rh7 Nf7 58. Ng2 Kd8 59. Nh4 Rh8 60.
Rxf7 Rxh4 61. Rf6 Ke8 62. Kf2 Rh6 63. g5 Rh4 64. Kg2 Ng8 65. Rxg6 Kf7 66. Bh5
Rxh5 67. Rxg8 Rh4 68. Ra8 Rg4 69. Ra7 Ke7 70. Kf3 Rxg5 71. Kf4 Rg8 72. Nh5 Rg2
73. Nf6 Rxb2 74. Nxd7 Rf2+ 75. Ke3 Ra2 76. Nc5+ Ke8 77. Rxa4 b2 78. Rb4 Rxa3
79. Kd2 1-0

[Event "Deutschnofen-Richter/Lask"]
[Site "?"]
[Date "2017.12.02"]
[Round "3.3"]
[White "Voltolini, Giuseppe"]
[Black "Micheli, Carlo"]
[Result "1/2-1/2"]
[WhiteElo "2135"]
[BlackElo "2235"]
[PlyCount "146"]
[EventDate "2017.12.02"]

1. d4 g6 2. e4 Bg7 3. Nc3 d6 4. Nf3 a6 5. a4 Nd7 6. Be2 e5 7. O-O Ngf6 8. Be3
Ng4 9. Bg5 f6 10. Bc1 Nh6 11. Bc4 c6 12. a5 Nf7 13. b3 O-O 14. Ba3 b5 15. Bxf7+
Rxf7 16. Qd2 Bf8 17. dxe5 dxe5 18. Bxf8 Qxf8 19. Rfd1 Nc5 20. Qd6 Bg4 21. Qxf8+
Kxf8 22. Rd6 Rc8 23. b4 Nb7 24. Rd3 c5 25. Nd5 Be6 26. Nb6 Rc6 27. c3 cxb4 28.
cxb4 Nd6 29. Nd2 Rfc7 30. f3 Ke7 31. Nb3 Nc4 32. Nc5 Nxb6 33. axb6 Rxb6 34. Kf2
Bc8 35. Ke3 Rcc6 36. g3 Rd6 37. Rc1 Rbc6 38. Ra1 Rxd3+ 39. Kxd3 Kd6 40. f4 Kc7
41. fxe5 fxe5 42. Ke3 Kb6 43. Rf1 a5 44. Nd3 axb4 45. Nxe5 Rc2 46. Rb1 Rxh2 47.
Rxb4 Rg2 48. Kf3 Rg1 49. Rb2 Bb7 50. Rh2 Re1 51. Rxh7 Bxe4+ 52. Kf2 Ra1 53. Ke3
Bc2 54. Nxg6 Ra3+ 55. Kf2 Be4 56. Re7 Bxg6 57. Re6+ Kc5 58. Rxg6 b4 59. Ke2 Kc4
60. Kd2 Ra2+ 61. Kc1 Rg2 62. Rg8 Kc3 63. Rc8+ Kb3 64. Rg8 Rg1+ 65. Kd2 Kb2 66.
g4 b3 67. g5 Kb1 68. g6 b2 69. g7 Rg6 70. Ke3 Re6+ 71. Kf4 Re7 72. Kf5 Rc7 73.
Kf6 Kc1 1/2-1/2

[Event "Deutschnofen-Richter/Lask"]
[Site "?"]
[Date "2017.12.02"]
[Round "3.4"]
[White "Tonina, Filippo"]
[Black "Bevilacqua, Maurizio"]
[Result "1/2-1/2"]
[WhiteElo "1964"]
[BlackElo "2043"]
[PlyCount "80"]
[EventDate "2017.12.02"]

1. c4 Nf6 2. g3 e5 3. Bg2 Nc6 4. Nc3 Bc5 5. e3 O-O 6. Nge2 Re8 7. O-O d6 8. h3
a6 9. d4 Ba7 10. b3 Rb8 11. Bb2 exd4 12. Nxd4 Nxd4 13. exd4 Bf5 14. Qd2 Qd7 15.
Kh2 h6 16. Rae1 c6 17. Ne2 d5 18. c5 Ne4 19. Qd1 Rbd8 20. f3 Nf6 21. Nf4 Bb8
22. Nd3 Bxd3 23. Qxd3 Nh5 24. f4 f5 25. Re5 g6 26. Bf3 Nf6 27. g4 Rxe5 28. dxe5
Ne4 29. Qd4 Qe7 30. gxf5 Qxc5 31. Rg1 Qxd4 32. Bxd4 g5 33. fxg5 hxg5 34. Bxe4
dxe4 35. Rxg5+ Kh7 36. Ba1 Rd2+ 37. Kg3 Rxa2 38. Bc3 Rc2 39. Ba1 Rc1 40. Bb2
Rc2 1/2-1/2

[Event "Deutschnofen-Richter/Lask"]
[Site "?"]
[Date "2017.12.02"]
[Round "3.5"]
[White "De Vita, Gianni"]
[Black "Thurner, Markus"]
[Result "1-0"]
[WhiteElo "1983"]
[BlackElo "1910"]
[PlyCount "75"]
[EventDate "2017.12.02"]

1. e4 e6 2. d4 d5 3. exd5 exd5 4. Nf3 Bd6 5. Bd3 Nc6 6. O-O Bg4 7. Re1+ Nge7 8.
c3 Qd7 9. a4 O-O 10. a5 a6 11. Be3 Ng6 12. Nbd2 f5 13. Nf1 Rae8 14. h3 Bh5 15.
Ng3 Bxg3 16. fxg3 Qd6 17. Bf2 Rxe1+ 18. Qxe1 Bxf3 19. gxf3 f4 20. g4 Kf7 21. b4
Re8 22. Qd2 Na7 23. Re1 Rxe1+ 24. Qxe1 Qe7 25. Qd2 Qf6 26. c4 c6 27. cxd5 cxd5
28. Qc1 Qd6 29. h4 Nf8 30. Qb1 g6 31. b5 axb5 32. Bxb5 Qa3 33. Be2 Qe7 34. Qa2
Qe6 35. Bd3 Nc6 36. Qa4 Qd7 37. Bb5 Ne6 38. a6 1-0

[Event "Deutschnofen-Richter/Lask"]
[Site "?"]
[Date "2017.12.02"]
[Round "3.6"]
[White "Gibitz, Othmar"]
[Black "Billio, Atto"]
[Result "0-1"]
[WhiteElo "1700"]
[BlackElo "1998"]
[PlyCount "84"]
[EventDate "2017.12.02"]

1. e4 c5 2. Nf3 e6 3. d4 cxd4 4. Nxd4 a6 5. Nc3 b5 6. a3 Bb7 7. Bd3 Bc5 8. Be3
d6 9. Qg4 Kf8 10. Nf3 Bxe3 11. fxe3 Qb6 12. Qf4 e5 13. Qh4 Qxe3+ 14. Kd1 Nd7
15. Re1 Qh6 16. Qxh6 Nxh6 17. h3 Ke7 18. Kd2 f6 19. Ke3 Nb6 20. Nd2 Nf7 21. Nb3
Rac8 22. Na5 Ba8 23. a4 Nc4+ 24. Nxc4 bxc4 25. Be2 Rc7 26. Red1 Rb8 27. Rab1
Rb4 28. Rd5 Rc5 29. Rxc5 dxc5 30. b3 cxb3 31. cxb3 a5 32. Bc4 Nd6 33. Nd5+ Bxd5
34. Bxd5 c4 35. g4 cxb3 36. Rxb3 Rxb3+ 37. Bxb3 Kd8 38. Bd5 Kc7 39. Kd3 Kb6 40.
Kc3 Kc5 41. Ba8 Nc4 42. Bd5 Ne3 0-1

[Event "Gries-Naturns"]
[Site "?"]
[Date "2017.12.02"]
[Round "3.1"]
[White "La Manna, Andrea"]
[Black "Zammarchi, Massimo"]
[Result "1-0"]
[WhiteElo "2157"]
[BlackElo "1943"]
[PlyCount "39"]
[EventDate "2017.12.02"]

1. d4 f5 2. Nc3 Nf6 3. Bg5 d6 4. Bxf6 exf6 5. e3 Nc6 6. Qf3 Bd7 7. h4 Rb8 8. h5
Ne7 9. Nge2 c6 10. d5 Qa5 11. O-O-O c5 12. Nf4 b5 13. Kb1 b4 14. Nce2 Rg8 15.
Ne6 Bxe6 16. dxe6 Qb6 17. Ng3 g6 18. hxg6 hxg6 19. e4 Qc6 20. Qf4 1-0

[Event "Gries-Naturns"]
[Site "?"]
[Date "2017.12.02"]
[Round "3.2"]
[White "Fongarolli, Diego"]
[Black "Unterthurner, Hans"]
[Result "1-0"]
[WhiteElo "1951"]
[BlackElo "1933"]
[PlyCount "53"]
[EventDate "2017.12.02"]

1. e4 e6 2. d4 d5 3. Nd2 c5 4. exd5 exd5 5. Ngf3 Bd6 6. dxc5 Bxc5 7. Nb3 Bd6 8.
Bd3 Ne7 9. O-O O-O 10. Re1 Nbc6 11. c3 Qc7 12. Nbd4 a6 13. Bxh7+ Kxh7 14. Ng5+
Kg6 15. Qd3+ Nf5 16. Ndf3 Rh8 17. h4 Nce7 18. g4 Qc4 19. h5+ Kh6 20. Qxc4 dxc4
21. Nxf7+ Kh7 22. N3g5+ Kg8 23. Nxh8 Nh6 24. Ng6 Nxg6 25. hxg6 Bxg4 26. Ne4 Bc7
27. Bxh6 1-0

[Event "Gries-Naturns"]
[Site "?"]
[Date "2017.12.02"]
[Round "3.3"]
[White "Naegele, Norbert"]
[Black "Paulmichl, Martin"]
[Result "0-1"]
[WhiteElo "1847"]
[BlackElo "1870"]
[PlyCount "68"]
[EventDate "2017.12.02"]

1. Nf3 f5 2. b4 d6 3. c4 e5 4. d3 Nf6 5. Nbd2 Be7 6. Bb2 O-O 7. g3 Kh8 8. Bg2
e4 9. Nd4 c5 10. Nc2 cxb4 11. Nxb4 e3 12. fxe3 Ng4 13. Nc2 Bg5 14. Nf1 Qe7 15.
Bc1 Nc6 16. h3 Nf6 17. Nd4 Bd7 18. Rb1 Rab8 19. Rh2 h5 20. Kf2 h4 21. Kg1 hxg3
22. Rh1 Nh5 23. Nxc6 Bxc6 24. Bxc6 bxc6 25. Rxb8 Rxb8 26. Kg2 f4 27. exf4 Nxf4+
28. Bxf4 Bxf4 29. Nxg3 Qg5 30. Qe1 Rb2 31. Kf3 Be5 32. Rf1 d5 33. cxd5 cxd5 34.
Qc1 Qxg3# 0-1

[Event "Gries-Naturns"]
[Site "?"]
[Date "2017.12.02"]
[Round "3.4"]
[White "Niederstaetter, Harald"]
[Black "Gurschler, Thomas"]
[Result "1/2-1/2"]
[WhiteElo "1943"]
[BlackElo "1837"]
[PlyCount "77"]
[EventDate "2017.12.02"]

1. d4 g6 2. Nf3 Bg7 3. Bf4 d6 4. e3 Nd7 5. Be2 Ngf6 6. h3 O-O 7. O-O b6 8. c4
c5 9. Nc3 Bb7 10. Rc1 Ne4 11. Qc2 Nxc3 12. Qxc3 e5 13. dxe5 dxe5 14. Bg5 e4 15.
Bxd8 Bxc3 16. Nh2 Bxb2 17. Rc2 Raxd8 18. Rxb2 Ne5 19. f4 exf3 20. Nxf3 Nxf3+
21. gxf3 Rd6 22. Kf2 Rfd8 23. Rfb1 Bc6 24. Ke1 Ba4 25. Rc1 Bd7 26. h4 h5 27.
Kf2 Bf5 28. e4 Be6 29. Ke3 Rd4 30. a4 R4d6 31. Ra1 a5 32. Rab1 Rd4 33. Rc1 Rb8
34. Rbc2 Kg7 35. Rg1 Bd7 36. Ra2 Be6 37. Rc2 Bd7 38. Ra2 Be6 39. Rc2 1/2-1/2

[Event "Gries-Naturns"]
[Site "?"]
[Date "2017.12.02"]
[Round "3.5"]
[White "Gurschler, Gregor"]
[Black "Ellemund, Gabriel"]
[Result "1-0"]
[WhiteElo "1796"]
[BlackElo "1588"]
[PlyCount "51"]
[EventDate "2017.12.02"]

1. e4 e5 2. Nf3 Nc6 3. Bc4 Bc5 4. c3 Nf6 5. d3 O-O 6. Bg5 h6 7. Bh4 d6 8. Bb3
a6 9. Nbd2 Ba7 10. Qe2 g5 11. Nxg5 hxg5 12. Bxg5 Kg7 13. Qf3 Be6 14. Nf1 Rh8
15. Ng3 Qe7 16. O-O-O b5 17. Kb1 Rae8 18. Bxf6+ Qxf6 19. Nh5+ Rxh5 20. Qxh5 Rh8
21. Qe2 Bxb3 22. axb3 Qxf2 23. Qg4+ Kh6 24. Rhf1 Qe3 25. Rf6+ Kh7 26. Qh5+ 1-0

[Event "Gries-Naturns"]
[Site "?"]
[Date "2017.12.02"]
[Round "3.6"]
[White "Spornberger, Peter"]
[Black "Naegele, Raimund"]
[Result "1/2-1/2"]
[WhiteElo "1537"]
[BlackElo "1658"]
[PlyCount "47"]
[EventDate "2017.12.02"]

1. e4 c6 2. d4 d5 3. exd5 cxd5 4. c4 e6 5. Nc3 Nc6 6. Nf3 Nf6 7. Bd3 Be7 8. O-O
dxc4 9. Bxc4 O-O 10. Re1 b6 11. Bf4 Bb7 12. Rc1 Nb4 13. a3 Nbd5 14. Bg5 Rc8 15.
Nxd5 Nxd5 16. Bxe7 Qxe7 17. Ne5 Rfd8 18. Qd2 Qf6 19. f3 Qf4 20. Qf2 Nf6 21.
Red1 Nd5 22. Re1 Nf6 23. Red1 Nd5 24. Re1 1/2-1/2

[Event "Groeden-Kaltern/Tramin"]
[Site "?"]
[Date "2017.12.02"]
[Round "3.1"]
[White "Panjkovic, Aleksandar"]
[Black "Demetz, Rainer"]
[Result "0-1"]
[WhiteElo "2074"]
[BlackElo "2187"]
[PlyCount "140"]
[EventDate "2017.12.02"]

1. c4 b6 2. Nc3 Bb7 3. e4 c5 4. g3 Nc6 5. Bg2 g6 6. Nge2 Bg7 7. O-O e6 8. d3
Nge7 9. Bf4 d6 10. Qd2 h6 11. Nb5 Nc8 12. Rab1 a6 13. Nbc3 N8e7 14. a3 a5 15.
Nb5 e5 16. Be3 Nd4 17. Nec3 Bc6 18. f4 Qd7 19. f5 gxf5 20. Bh3 Nxb5 21. cxb5
Bxb5 22. Nxb5 Qxb5 23. exf5 f6 24. Bg2 d5 25. b4 cxb4 26. axb4 a4 27. g4 Rc8
28. d4 e4 29. h4 Qd7 30. b5 Rc4 31. Rf2 Kf7 32. Bf1 Rc7 33. Bf4 Ra7 34. Bh3 Ra5
35. g5 hxg5 36. Bxg5 Rxb5 37. Rbf1 Rb3 38. Bg4 Qb5 39. Rg2 Qd3 40. Bd1 Qxd2 41.
Bxd2 Rb2 42. Bxa4 b5 43. Bd1 Rxh4 44. Be1 Rxg2+ 45. Kxg2 Rh8 46. Be2 Rb8 47.
Bh5+ Kg8 48. Bg3 Rb6 49. Bc7 Rc6 50. Bd8 Nc8 51. Ra1 b4 52. Ra8 b3 53. Rb8 Rc2+
54. Kh3 b2 55. Ba5 Bf8 56. Rb7 Nd6 57. Rb8 Kg7 58. Bg6 e3 59. Rb3 e2 60. Bh5
Nxf5 61. Rb7+ Kh6 62. Bf3 Ne3 63. Rb6 Bd6 64. Be1 Rc1 65. Bd2 e1=Q 66. Bxe1
Rxe1 67. Rxb2 Rf1 68. Bg2 Rf5 69. Bf3 Rxf3+ 70. Kh4 Rf5 0-1

[Event "Groeden-Kaltern/Tramin"]
[Site "?"]
[Date "2017.12.02"]
[Round "3.2"]
[White "Bernardi, Ruben"]
[Black "Graf, Andreas"]
[Result "1-0"]
[WhiteElo "2107"]
[BlackElo "2128"]
[PlyCount "105"]
[EventDate "2017.12.02"]

1. e4 c5 2. c3 Nf6 3. e5 Nd5 4. d4 cxd4 5. Nf3 d6 6. cxd4 Nc6 7. Bc4 Nb6 8. Bb3
d5 9. Nh4 e6 10. Nf3 Be7 11. O-O O-O 12. Nc3 Kh8 13. a3 f6 14. exf6 Bxf6 15.
Re1 Nc4 16. Bc2 g6 17. b3 Nd6 18. Be3 Bd7 19. Qd2 Rc8 20. Rac1 Nf5 21. Bxf5
gxf5 22. Ne2 Qa5 23. Qb2 Qb6 24. Ne5 Qd8 25. Nf4 Bg7 26. Nxc6 Rxc6 27. Rxc6
bxc6 28. Qc3 Qe7 29. Bc1 Re8 30. Nh5 Qh4 31. Nxg7 Kxg7 32. Qe3 Kf7 33. Qe5 Qe7
34. b4 Rg8 35. Bf4 Rc8 36. Qe2 Qh4 37. g3 Rg8 38. Kh1 Qg4 39. f3 Qh5 40. Kg2
Qg6 41. Qa6 Qf6 42. Qxa7 Qe7 43. Rc1 h5 44. h4 Be8 45. Qb8 Bd7 46. Qc7 Be8 47.
Rc5 Qxc7 48. Bxc7 Ke7 49. Ra5 Kd7 50. Ra7 Rf8 51. Bf4+ Kc8 52. a4 Rf7 53. Ra8+
1-0

[Event "Groeden-Kaltern/Tramin"]
[Site "?"]
[Date "2017.12.02"]
[Round "3.3"]
[White "Waldner, Mirko"]
[Black "Moroder, Thomas"]
[Result "1/2-1/2"]
[WhiteElo "1912"]
[BlackElo "1980"]
[PlyCount "101"]
[EventDate "2017.12.02"]

1. d4 Nf6 2. c4 g6 3. Nc3 Bg7 4. e4 d6 5. f3 O-O 6. Be3 e5 7. Nge2 c6 8. g3
Nbd7 9. Bg2 Qe7 10. O-O a6 11. a4 a5 12. Qd2 exd4 13. Nxd4 Nc5 14. Rad1 Ne8 15.
Rfe1 Be6 16. Bf1 Qc7 17. Qc2 Nf6 18. Nxe6 Nxe6 19. Qf2 Nd7 20. Qd2 Ndc5 21. Qf2
Bxc3 22. bxc3 Nxa4 23. e5 dxe5 24. Ra1 b5 25. cxb5 cxb5 26. Bxb5 Nac5 27. Qe2
Rfb8 28. Bc4 a4 29. Bd5 Ra6 30. Qc4 Ra5 31. Ra2 a3 32. Rea1 Ra4 33. Qe2 Qa5 34.
Qc2 Rb2 35. Rxb2 axb2 36. Rb1 Ra1 37. Qxb2 Rxb1+ 38. Qxb1 Qxc3 39. Bf2 Kg7 40.
Qa2 Nd4 41. Kg2 e4 42. fxe4 Qf3+ 43. Kg1 Ne2+ 44. Kf1 Nc3 45. Qb2 N5a4 46. Qc2
Nc5 47. Qd2 N5xe4 48. Qd4+ Kg8 49. Bc6 Qh1+ 50. Bg1 Qf3+ 51. Bf2 1/2-1/2

[Event "Groeden-Kaltern/Tramin"]
[Site "?"]
[Date "2017.12.02"]
[Round "3.4"]
[White "Dejori, David"]
[Black "Bertagnolli, Gerhard"]
[Result "1-0"]
[WhiteElo "1765"]
[BlackElo "1868"]
[PlyCount "69"]
[EventDate "2017.12.02"]

1. e4 c5 2. Nc3 e6 3. f4 a6 4. Nf3 Qc7 5. d3 d6 6. g3 Nf6 7. Bg2 Be7 8. O-O O-O
9. h3 b5 10. Be3 Bb7 11. Ne2 d5 12. e5 Nfd7 13. c3 Nc6 14. d4 Rac8 15. Rc1 cxd4
16. cxd4 Qb6 17. g4 f6 18. Ng3 fxe5 19. fxe5 Ncxe5 20. Qe2 Nxf3+ 21. Bxf3 Bf6
22. Rcd1 Qd6 23. Nh5 Rce8 24. Bf4 e5 25. Bh2 Qb6 26. Nxf6+ Rxf6 27. g5 Rf5 28.
h4 e4 29. Bg4 Rxf1+ 30. Qxf1 Ne5 31. Bxe5 Rxe5 32. Qf4 Re8 33. Rf1 Qxd4+ 34.
Kh1 Qe5 35. Qf7+ 1-0

[Event "Groeden-Kaltern/Tramin"]
[Site "?"]
[Date "2017.12.02"]
[Round "3.5"]
[White "Thaler, Elmar"]
[Black "Kasslatter, Matthias"]
[Result "1-0"]
[WhiteElo "1736"]
[BlackElo "1441"]
[PlyCount "47"]
[EventDate "2017.12.02"]

1. d4 d5 2. c4 e6 3. Nc3 Nf6 4. Bg5 Be7 5. e3 O-O 6. Nf3 c6 7. Bd3 Nbd7 8. O-O
h6 9. Bh4 b6 10. Rc1 Bb7 11. h3 Rc8 12. Bg3 Ne8 13. Qe2 Ba6 14. cxd5 Bxd3 15.
Qxd3 cxd5 16. Qa6 Bd6 17. Nb5 Bxg3 18. Rxc8 Bxf2+ 19. Rxf2 Qe7 20. Qxa7 Nef6
21. Rxf8+ Qxf8 22. a3 Qc8 23. Qc7 Qa8 24. Ne5 1-0

[Event "Groeden-Kaltern/Tramin"]
[Site "?"]
[Date "2017.12.02"]
[Round "3.6"]
[White "Knottner, Klaus"]
[Black "Comai, Samuele"]
[Result "0-1"]
[WhiteElo "1812"]
[BlackElo "1596"]
[PlyCount "98"]
[EventDate "2017.12.02"]

1. e4 e6 2. d4 d5 3. Nd2 Nf6 4. e5 Nfd7 5. Ngf3 c5 6. c3 b6 7. Be2 Ba6 8. O-O
Bxe2 9. Qxe2 Nc6 10. Re1 Be7 11. Nf1 O-O 12. Ng3 Rc8 13. a3 cxd4 14. cxd4 Na5
15. Qd3 Qc7 16. Bd2 Qc4 17. Qxc4 Nxc4 18. Bc3 Nxa3 19. Rec1 Nb5 20. Bd2 Nb8 21.
h3 Nc6 22. Ne2 a5 23. Rc2 Nxe5 24. Rac1 Nxf3+ 25. gxf3 Nd6 26. b3 Rxc2 27. Rxc2
Rc8 28. Rc3 Kf8 29. Bf4 Ke8 30. Bxd6 Rxc3 31. Nxc3 Bxd6 32. Kf1 Kd7 33. Ke2 Kc6
34. Kd3 f6 35. Ke3 b5 36. f4 e5 37. fxe5 fxe5 38. f3 exd4+ 39. Kxd4 Bc5+ 40.
Kd3 Be7 41. f4 Bf6 42. Na2 Kc5 43. Ke3 a4 44. bxa4 bxa4 45. Kd3 Bb2 46. f5 a3
47. h4 h5 48. Kc2 Kc4 49. Kb1 Kb3 0-1